1978 1492 1307 1798 1560 1360 1837 1669 1149 1869 1006 1274 1189 1052 1362 1116 1429 1391 1166 1285 1265 1330 1626 1154 1269 1334 1321 1526 1368 1850 1546 1069 1575 1712 1650 1468 1642 1015 1797 1042 1193 1343 1986 1024 1447 1083 1840 1969 1613 1155 1678 1177 1421 1588 1363 1285 1007 1069 1497 1346 1969 1938 1582 1222 1588 1458 1001 1585 1828 1641 1803 1746 1554 1803 1910 1996 1578 1686 1840 1355 1285 1693 1447 1710 1450 1465 1276 1063 1026 1881 1014 1814 1809 1751 1407 1076 1919 1980 1046 BCNSPRNW ULIB Ver.6.0+V

เปลี่ยนเป็นภาษาไทย

Change to English
 แสดงรายละเอียดบรรณานุกรม
  กลับหน้าหลัก

Brief Record : Get Marc (ISO 2709) : E-mail record : QR code < ปิดหน้าต่าง
LEADER : 00000nam 2200000uu 4500
001    13399123052
003     ULIB
008    020711s2536 th a 000 0 tha d
099    นว.^bช241ร
100    ชลาลัย
245    ระบำดอกหญ้า เล่ม2 /^cชลาลัย
260    กรุงเทพฯ :^bคลังวิทยา,^c2536
300    384 หน้า
945    ^p0^l0^i001709
รายการนี้ยังไม่มีแท็ก
คุณยังไม่ได้ล็อกอิน คุณสามารถมีกิจกรรมร่วมกับเว็บไซต์ได้ แต่ต้องล็อกอินก่อน ::
  ล็อกอิน

รายการสื่อสารสนเทศ

ลำดับที่ ประเภท เลขเรียก/บาร์โค้ด สถานที่ สถานะ
1. นวนิยาย
นวนิยาย
นว. ช241ร ฉ.1 
  Barcode: 001709
ห้องสมุดวิทยาเขตสวรรค์ประชารักษ์
►นวนิยาย
บนชั้น
  ขอยืม

รายการใกล้เคียง
    ผู้แต่ง [ชลาลัย]

BibComment


ยังไม่เคยถูกคอมเมนท์

คอมเมนท์ทรัพยากรรายการนี้
  คอมเมนท์: ระบำดอกหญ้า เล่ม2..


 Copyright 2026. Bcnsprnw @Library